| 000 | 00787nam a22001937a 4500 | ||
|---|---|---|---|
| 001 | 10040 | ||
| 003 | FISKH | ||
| 005 | 20260401101509.0 | ||
| 008 | 260331b cb ||||| |||| 00| 0 eng d | ||
| 020 | _a9787511037404 | ||
| 040 |
_aFISKH _bchi _cFISKH _dFISKH |
||
| 082 | _a155.4 | ||
| 100 | _a引进版绘本 | ||
| 245 |
_a幸福成长绘本 : _bVegatable garden adventure / _c引进版绘本 |
||
| 300 |
_a32 unnumbered pages : _bcolor illustrations ; _c28 cm . |
||
| 520 | _a本书属于**“幸福成长绘本(第2辑)”系列**,为引进版儿童绘本。每册通过生动有趣的故事,帮助孩子学习: 情绪管理 人际交往 自信与成长 内容温馨、图画丰富,适合儿童阅读与性格培养。 | ||
| 942 |
_2ddc _cBOOK _n0 |
||
| 999 |
_c10040 _d10040 |
||